Countries with the most islands map quiz - Statistics

General Stats
  • This quiz has been taken 39 times
  • The average score is 10 of 15
Answers on the Map
Answers color-coded by a green-red scale on the quiz's map according to % correct below.
 
Answer Stats
Answer % Correct
Indonesia
94%
United States
94%
Japan
92%
Canada
89%
Australia
86%
Norway
81%
Philippines
75%
Sweden
75%
China
72%
Finland
72%
South Korea
56%
Chile
53%
Vietnam
47%
North Korea
31%
Cuba
22%
No matching quizzes found
Score Distribution
Percent of People with Each Score
Percentile by Number Answered
Your Score History
You have not taken this quiz